000 00425nam a2200181Ia 4500
008 210210b1932 xxu||||| |||| 00| 0 eng d
041 _aeng
082 _a825/524
100 _aLEGOUIS (Emile)
245 _aEarly life of wordsworth
260 _aLondon
_bJ M Dent and Sons Ltd.
_c1932
650 _awordsworth
650 _aof
650 _alife
650 _aEarly
690 _aEnglish Criticism
906 _a014840
999 _c134064
_d134064